Biblioteca

Diccionario de la Santa Biblia, para uso general en el estudio de las Escrituras (Registro nro. 31615)

Detalles MARC
000 -LÍDER
Campo fijo de descripción fija 008430000a22002650004500
001 - NÚMERO DE CONTROL
Campo de control 63
003 - IDENTIFICADOR DEL NÚMERO DE CONTROL
Campo de control CO-MdFUSB
005 - FECHA Y HORA DE LA ULTIMA TRANSACCIÓN
control field 20160513160850.0
008 - ELEMENTOS DE LONGITUD FIJA -- INFORMACIÓN GENERAL
Campo fijo de descripción fija -- Información general 160513t1983 sp ||||f |||| 00| 0 spa d
040 ## - FUENTE DE CATALOGACIÓN
Agencia de catalogación original CO-MdFUSB
Idioma de catalogación Español
Agencia que realiza la transcripción CO-MdFUSB
Agencia que realiza la modificación CO-MdFUSB
041 0# - CÓDIGO DE IDIOMA
Código de idioma para texto/pista de sonido o título separado spa
082 04 - NÚMERO DE CLASIFICACIÓN DECIMAL DEWEY
Número de clasificación R 220.3 R186d
100 1# - ASIENTO PRINCIPAL--NOMBRE PERSONAL
Nombre personal Rand, W. W.
245 10 - TÍTULO
Título del Material Diccionario de la Santa Biblia, para uso general en el estudio de las Escrituras
Mención de responsabilidad, etc. / W. W. Rand.
260 ## - PUBLICACIÓN, DISTRIBUCIÓN, ETC. (PIE DE IMPRENTA)
Lugar de publicación, distribución, etc. New York, USA : Sociedad Americana de Tratados
264 ## - PRODUCCIÓN, PUBLICACIÓN, DISTRIBUCIÓN, MANUFACTURA, Y COPYRIGHT
Lugar de producción, publicación, distribución, manufactura New York, USA
Nombre del productor, publicador, distribuidor : Sociedad Americana de Tratados
Fecha de producción, publicación, distribución, manufactura, o copyright 1983
300 ## - DESCRIPCIÓN FÍSICA
Extensión 768 Pag.
336 ## - TIPO DE CONTENIDO
Fuente rdacontent
Término de tipo de contenido
Código de tipo de contenido
337 ## - TIPO DE MEDIO
Fuente rdamedia
Nombre del tipo de medio
Código del tipo de medio
338 ## - TIPO DE SOPORTE
Fuente rdacarrier
Nombre del tipo de soporte
Código Tipo de soporte
500 ## - NOTA GENERAL
Nota General Contiene grabados, tablas y mapas.
505 ## - NOTA DE CONTENIDO
Nota de contenido con formato preestablecido 1. Teología 2. Historia 3. Biblia
653 ## - TÉRMINO DE INDIZACIÓN - NO CONTROLADO
Término no controlado BIBLIA
-- - DICCIONARIOS
942 ## - TIPO DE MATERIAL (KOHA)
Tipo de Item KOHA Libros General
Existencias
Estado de Material Estado de Perdido Estado de Dañado No para Préstamo Colección Tomo Biblioteca de Origen Biblioteca Permanente Fecha de Adquisición Total de Préstamos Signatura Topográfica Código de Barras Última vez visto Ejemplar/Existencia Fecha de Remplazo Tipo de Material
        Colección de Referencia   Biblioteca FUSBC Biblioteca FUSBC 24/08/2004   R 220.3 R186d 7921 11/08/2022 1 26/01/2016 Libros de Referencia
        Colección de Referencia   Biblioteca FUSBC Biblioteca FUSBC 24/08/2004   R 220.3 R186d 7922 24/07/2024 2 26/01/2016 Libros de Referencia

Biblioteca FUSBC | Teléfono: (57+4) 349 88 10 Ext. 141| WhatsApp (+57) 3005338115 
E-mail: biblioteca@unisbc.edu.co | Calle 76 87-14 Robledo Palenque, Medellín, Colombia

Con tecnología Koha